अनुनय / (Record no. 113377)

MARC details
000 -LEADER
fixed length control field 01259nam a22002897a 4500
005 - DATE AND TIME OF LATEST TRANSACTION
control field 20170202112445.0
008 - FIXED-LENGTH DATA ELEMENTS--GENERAL INFORMATION
fixed length control field 170202b xxu||||| |||| 00| 0 hin d
010 ## - LCCN (DPL NO)
LC control number A-717007
020 ## - INTERNATIONAL STANDARD BOOK NUMBER
Terms of availability 60.00
International Standard Book Number 8172015364
035 ## - SYSTEM CONTROL NUMBER
System control number A-717007
037 ## - SOURCE OF ACQUISITION
Source of stock number/acquisition Cen Lib/Ret
040 ## - CATALOGING SOURCE
Original cataloging agency DPL
Language of cataloging HN
082 ## - DEWEY DECIMAL CLASSIFICATION NUMBER
Classification number 821
Item number पाठक
100 ## - MAIN ENTRY--PERSONAL NAME
Personal name पाठक, जयन्त
9 (RLIN) 51966
245 ## - TITLE STATEMENT
Title अनुनय /
Statement of responsibility, etc जयन्त पाठक; अनुवादक ब्रजेन्द्र त्रिपाठी
246 ## - VARYING FORM OF TITLE
Title proper/short title Anunya /
Remainder of title by Jayant Pathakl; anuvadak Brajendra tripathi
260 ## - PUBLICATION, DISTRIBUTION, ETC. (IMPRINT)
Place of publication, distribution, etc नई दिल्ली
Name of publisher, distributor, etc साहित्य अकादेमी
Date of publication, distribution, etc 1993
270 ## - ADDRESS
Address रविन्द्र भवन, फिरोजशाह रोड
City नई दिल्ली
Postal code 110001
300 ## - PHYSICAL DESCRIPTION
Extent 84पृ.
Dimensions 20सेमी(सजिल्द)
520 ## - SUMMARY, ETC.
Summary, etc AW
650 ## - SUBJECT ADDED ENTRY--TOPICAL TERM
Topical term or geographic name as entry element हिंदी साहित्य
9 (RLIN) 51967
650 ## - SUBJECT ADDED ENTRY--TOPICAL TERM
Topical term or geographic name as entry element हिंदी साहित्य -- कविता
9 (RLIN) 51968
650 ## - SUBJECT ADDED ENTRY--TOPICAL TERM
Topical term or geographic name as entry element Hindi literature
9 (RLIN) 51969
650 ## - SUBJECT ADDED ENTRY--TOPICAL TERM
Topical term or geographic name as entry element Hindi literature -- Poetry
9 (RLIN) 51970
700 ## - ADDED ENTRY--PERSONAL NAME
Personal name त्रिपाठी, ब्रजेन्द्र
9 (RLIN) 43912
942 ## - ADDED ENTRY ELEMENTS (KOHA)
Source of classification or shelving scheme Dewey Decimal Classification
Item type Hindi Books
Classification part 821
Call number suffix पाठक
Holdings
Withdrawn status Lost status Damaged status Not for loan Home library Current library Date acquired Source of acquisition Cost, normal purchase price Total Checkouts Full call number Barcode Date last seen Copy number Cost, replacement price Koha item type
        Central Library Central Library 12/08/2015 Cen Lib/Ret 60.00   821 पाठक A-717007 12/08/2015 1 60.00 Hindi Books

© Delhi Public Library
Hit Counter
free hit counter